Szczegóły MARC21

Zarządzanie kapitałem bankowym : alokacja kapitału i pomiar wyników /

003 -Nazwa inst., której nr kontr. jest w polu 001 [,]
    • @
    • Nazwa instytucji, której n kontrolny jest w polu 001
    • NUKAT
005 -DATA I CZAS OSTATNIEJ MODYFIKACJI [,]
    • @
    • pole kontrolne
    • 20241231102203.0
020 -Międzynarod. znormalizowany nr książki - ISBN [ , ]
    • a
    • Numer ISBN
    • 8387916463 Find
040 -Instytucja sporządzająca opis [ , ]
    • a
    • Instytucja, która sporządziła opis (NP)
    • GD 015/JK
    • c
    • Instytucja, która sporządziła rekord (NP)
    • GD 015/JK
    • d
    • Instytucja, która zmodyfikowała rekord (P)
    • GD 015/JK
    • d
    • Instytucja, która zmodyfikowała rekord (P)
    • KR 93/11SWB
    • d
    • Instytucja, która zmodyfikowała rekord (P)
    • GD 015/EOs
041 -Język dokumentu [1, ]
    • a
    • Język tekstu (P)
    • polski
    • h
    • Język tekstu oryginalnego i/lub pośredniego (P)
    • angielski
942 -Rodzaj dokumentu [ , ]
    • c
    • Rodzaj dokumentu
    • Książka
100 -Hasło główne - nazwa osobowa [1, ]
    • a
    • Nazwa osobowa (NP)
    • Matten, Chris.
    • 9
    • KHW
    • 409602
240 -Tytuł ujednolicony [1,0]
    • a
    • Tytuł ujednolicony
    • Managing bank capital
    • l
    • Język tekstu
    • (pol.)
    • 9
    • KHW
    • 409604
245 -Strefa tytułu i oznaczenia odpowiedzialności [1,0]
    • a
    • Tytuł
    • Zarządzanie kapitałem bankowym : Find
    • b
    • Ciąg dalszy tytułu (NP)
    • alokacja kapitału i pomiar wyników / Find
    • c
    • Pozostałe elementy strefy tytułu i oznaczenia odpowiedzialności (NP)
    • Chris Matten ; przeł. Grzegorz Łuczkiewicz.
260 -Strefa adresu wydawniczego [ , ]
    • a
    • Miejsce wydania (P)
    • Warszawa :
    • b
    • Nazwa wydawcy (P)
    • Dom Wydawniczy ABC,
    • c
    • Data wydania (P)
    • 2000.
300 -Strefa opisu fizycznego [ , ]
    • a
    • Określenie formy książki i/lub objętość (NP)
    • 230 s. :
    • b
    • Oznaczenie ilustracji (NP)
    • rys., wykr. ;
    • c
    • Format (NP)
    • 24 cm.
336 -Typ zawartości [ , ]
    • a
    • Termin opisujący typ zawartości
    • Tekst
    • b
    • Kod określający zawartość
    • txt
    • 2
    • Źródło (terminu i kodu)
    • rdacontent
337 -Typ mediów [ , ]
    • a
    • Tryb odtwarzania
    • Bez urządzenia pośredniczącego
    • b
    • Kod typu mediów
    • n
    • 2
    • Źródło (terminu i kodu)
    • rdamedia
338 -Typ/rodzaj nośnika [ , ]
    • a
    • Hasło opisujące typ nośnika
    • Wolumin
    • b
    • Kod typu nośnika
    • nc
    • 2
    • Źródło (terminu i kodu)
    • rdacarrier
504 -Uwaga dot. bibliogr. załącznikowej [ , ]
    • a
    • Uwaga dot. bibliografii załącznikowej
    • Indeks.
080 -Uniwersalna Klasyfikacja Dziesiętna [ , ]
    • a
    • Symbol klasyfikacji
    • 336.71(07)
080 -Uniwersalna Klasyfikacja Dziesiętna [ , ]
    • a
    • Symbol klasyfikacji
    • :330.1(07)
650 -Hasło przedmiotowe [ ,7]
    • a
    • Hasło przedmiotowe
    • Zarządzanie aktywami i pasywami bankowymi.
    • 2
    • Źródło terminu
    • kaba
    • 9
    • KHW
    • 137504
650 -Hasło przedmiotowe [ ,7]
    • a
    • Hasło przedmiotowe
    • Inwestycje bankowe.
    • 2
    • Źródło terminu
    • kaba
    • 9
    • KHW
    • 102394
650 -Hasło przedmiotowe [ ,7]
    • a
    • Hasło przedmiotowe
    • Alokacja kapitału.
    • 2
    • Źródło terminu
    • kaba
    • 9
    • KHW
    • 101033
650 -Hasło przedmiotowe [ ,7]
    • a
    • Hasło przedmiotowe
    • Zarządzanie ryzykiem.
    • 2
    • Źródło terminu
    • kaba
    • 9
    • KHW
    • 137520
980 -Symbol UKD [ , ]
    • a
    • UKD
    • 336.71:330.1](07)
700 -Hasło dodatkowe - nazwa osobowa [1, ]
    • a
    • Nazwa osobowa (NP)
    • Łuczkiewicz, Grzegorz. Find
    • e
    • Określenie rodzaju współpracy
    • Tł.
    • 9
    • KHW
    • 1004
920 -ISBN [ , ]
    • a
    • ISBN
    • 83-87916-46-3 Find
Sygnatura Numer inwentarzowy Status udost. Obwoluta Lokalizacja Data inwentaryzacji
 E.67258-2 BE2000-08-31
 S.867542 BE2000-08-31
 S.86755-3 BE2000-08-31
 S.86756-3 BE2000-08-31
T.5166T.5166-2 T2001-04-21
TM.308TM.308-2 T2002-08-22
 TM.13169-21T2017-03-16